000 00889nam a22002897a 4500
003 CHAP
005 20220329133937.0
008 971013s1963 r 00010 d
010 _a13000
011 _a13972
035 _a18045
040 _cCHAP
082 _a631.1
_bH43
100 0 0 _aHedges, Trimble R.
_953297
245 _aFarm management decisions
260 _aEnglowood, Cliffs :
_bPrentice-Hall,
_c1963
300 _a628 p.
_b: ilus.
590 _aBATCH-UPD
_b10
_c20130110
_lUCH01
_h1533
590 _aBATCH-UPD
_b10
_c20130410
_lUCH01
_h0939
590 _aBATCH-UPD
_b10
_c20130914
_lUCH01
_h1552
590 _aCONVERSION
_b10
_c20130109
_lUCH01
_h1308
650 1 4 _aGranjas
_xAdministración.
_950388
901 _aBK
942 _cLIBRO
949 _a631.1 H43
_bBC
_cLIBRO
_d-42179
_eLIBRO
_fc.2
_i18045
_si
949 _a631.1 H43
_bBC
_cLIBRO
_d33724000054763
_eLIBRO
_h20485
_i18045
_si
999 _c13000
_d13000